High-resolution maps show that rubber causes substantial deforestation (Record no. 75158)

MARC details
000 -LEADER
fixed length control field 02033nam a22002777a 4500
100 ## - MAIN ENTRY--AUTHOR NAME
Personal name Wang, Y
245 ## - TITLE STATEMENT
Title High-resolution maps show that rubber causes substantial deforestation
260 ## - PUBLICATION, DISTRIBUTION, ETC. (IMPRINT)
Name of publisher Nature, 623: 2023. 340-346.
520 ## - SUMMARY, ETC.
Summary, etc Understanding the effects of cash crop expansion on natural forest is of fundamental importance. However, for most crops there are no remotely sensed global maps1, and global deforestation impacts are estimated using models and extrapolations. Natural rubber is an example of a principal commodity for which deforestation impacts have been highly uncertain, with estimates differing more than fivefold. Here we harnessed Earth observation satellite data and cloud computing to produce high-resolution maps of rubber (10 m pixel size) and associated deforestation (30 m pixel size) for Southeast Asia. Our maps indicate that rubber-related forest loss has been substantially underestimated in policy, by the public and in recent reports. Our direct remotely sensed observations show that deforestation for rubber is at least twofold to threefold higher than suggested by figures now widely used for setting policy. With more than 4 million hectares of forest loss for rubber since 1993 (at least 2 million hectares since 2000) and more than 1 million hectares of rubber plantations established in Key Biodiversity Areas, the effects of rubber on biodiversity and ecosystem services in Southeast Asia could be extensive. Thus, rubber deserves more attention in domestic policy, within trade agreements and in incoming due-diligence legislation.
650 ## - SUBJECT ADDED ENTRY--TOPICAL TERM
Topical Term Biodiversity
650 ## - SUBJECT ADDED ENTRY--TOPICAL TERM
Topical Term Conservation biology
650 ## - SUBJECT ADDED ENTRY--TOPICAL TERM
Topical Term Environmental impact
650 ## - SUBJECT ADDED ENTRY--TOPICAL TERM
Topical Term Forestry
650 ## - SUBJECT ADDED ENTRY--TOPICAL TERM
Topical Term Sustainability
700 ## - ADDED ENTRY--PERSONAL NAME
Personal name Hollingsworth, P.M
700 ## - ADDED ENTRY--PERSONAL NAME
Personal name Zhai, D.
700 ## - ADDED ENTRY--PERSONAL NAME
Personal name West, C.D.
700 ## - ADDED ENTRY--PERSONAL NAME
Personal name Green, J.M.H.
700 ## - ADDED ENTRY--PERSONAL NAME
Personal name Chen, H.
700 ## - ADDED ENTRY--PERSONAL NAME
Personal name Hurni, K.
700 ## - ADDED ENTRY--PERSONAL NAME
Personal name Su, Y.
700 ## - ADDED ENTRY--PERSONAL NAME
Personal name Warren-Thomas, E.
700 ## - ADDED ENTRY--PERSONAL NAME
Personal name Xu, J.
700 ## - ADDED ENTRY--PERSONAL NAME
Personal name Ahrends, A.
942 ## - ADDED ENTRY ELEMENTS (KOHA)
Koha item type Journals
Holdings
Withdrawn status Lost status Damaged status Not for loan Home library Current library Date acquired Koha item type
        RRII Library RRII Library 08/01/2024 Journals